000 00250nam a2200109Ia 4500
008 190216s9999||||xx |||||||||||||| ||und||
100 _aTiwari S C
245 0 _aEssay On The Third World
260 _bCbs Publishers
650 _aHistory
942 _cBK
999 _c19992
_d19992